| 000 | 00782nam a2200253 i 4500 | ||
|---|---|---|---|
| 001 | bg | ||
| 100 | _aHAEUPLER, Hennin | ||
| 245 |
_aBildatlas der Farn- und Blütenpflanzen Deutschlands / _cHenning Haeupler, Thomas Muer ; mit Beiträg. von Ralf Dahmen [et al.]. |
||
| 260 |
_aStuttgart : _bEugen Ulmer, _c2000. |
||
| 300 |
_a759 s. : _bil. ; _c30 cm. |
||
| 504 | _aBibliogr. - Indeks. | ||
| 650 |
_aRośliny _zNiemcy |
||
| 655 | _aAtlasy | ||
| 700 | 1 | _aMUER, Thomas | |
| 700 | 1 | _aDAHMEN, Ralf | |
| 020 | _a3800133644 | ||
| 040 | _cBPK | ||
| 041 | _apol | ||
| 080 | _a581.9(430)(02.025.2) | ||
| 920 | _a3-8001-3364-4 | ||
| 942 | _cKS | ||
| 008 | s pl f |000 0 pol | ||
| 999 |
_c40289 _d40289 |
||
| 856 |
_uhttp://koha.tu.koszalin.pl/cgi-bin/koha/opac-detail.pl?biblionumber=40289 _yKatalog online BPK |
||